| 000 | 00361 a2200133 4500 | ||
|---|---|---|---|
| 001 | 92632 | ||
| 082 | _a519.2/PAP | ||
| 090 |
_c44527 _d44528 |
||
| 100 | _aAthanasios Papoulis,S. Unnikrishna Pillai | ||
| 245 | _aProbablity, Random Variables and Stochastic Process , 4th Ed | ||
| 250 | _a4 | ||
| 260 |
_aNew York _bMc Graw Hill _c2002 |
||
| 300 | _ax,853p. | ||
| 942 |
_aCAE NUST _cAV _k519.2/PAP |
||
| 999 |
_c327705 _d327705 |
||